[Event "40th Olympiad Open"]
[Site "Istanbul TUR"]
[Date "2012.08.29"]
[Round "2.44"]
[Board "1"]
[White "Shukuraliev, Algis"]
[Black "Baules, Jorge"]
[Result "0-1"]
[BlackTitle "IM"]
[WhiteElo "2360"]
[BlackElo "2352"]
[WhiteTeam "Kyrgyzstan"]
[BlackTeam "Panama"]
[WhiteFideId "13800426"]
[BlackFideId "6600247"]
[EventDate "2012.08.28"]

1. e4 c5 2. Nf3 Nc6 3. d4 cxd4 4. Nxd4 Nf6 5. Nc3 e5 6. Ndb5 d6 7. Bg5 a6 8. Na3
b5 9. Nd5 Be7 10. Bxf6 Bxf6 11. c4 b4 12. Nc2 a5 13. g3 O-O 14. Bg2 Be6 15. b3
Bxd5 16. Qxd5 Qb6 17. O-O a4 18. Rad1 axb3 19. axb3 Ra2 20. Qd3 Rfa8 21. Bh3
R8a7 22. Ra1 Rxa1 23. Rxa1 Rxa1+ 24. Nxa1 Qd4 25. Qb1 Qc3 26. Nc2 g6 27. Ne3 Bg5
28. Nd5 Qd2 29. Bf1 Nd4 30. Qd3 Qxd3 31. Bxd3 Bd2 32. Ne7+ Kf8 33. Nc8 Nxb3 34.
Nxd6 Nc5 35. Bb1 Ke7 36. Nb5 Kd7 37. Kf1 Bg5 38. Ke2 Bd8 39. f3 Bb6 40. Bc2 Kc6
41. Kd2 Nb7 42. Bd3 Kc5 43. Kc2 Na5 44. h4 f6 45. g4 Nxc4 46. Bxc4 Kxc4 47. Nd6+
Kd4 48. Nf7 Ke3 49. g5 fxg5 50. hxg5 Bc7 51. Nh6 Kxf3 52. Ng8 Kxe4 53. Nf6+ Kd4 0-1

[Event "40th Olympiad Open"]
[Site "Istanbul TUR"]
[Date "2012.08.29"]
[Round "2.44"]
[Board "2"]
[White "Arosemena, Jorge Luis"]
[Black "Maznitsin, A"]
[Result "0-1"]
[WhiteTitle "FM"]
[WhiteElo "2092"]
[BlackElo "2283"]
[WhiteTeam "Panama"]
[BlackTeam "Kyrgyzstan"]
[WhiteFideId "6600140"]
[BlackFideId "13800302"]
[EventDate "2012.08.28"]

1. e4 c6 2. d4 d5 3. Nd2 dxe4 4. Nxe4 Bf5 5. Ng3 Bg6 6. h4 h6 7. Nf3 Nd7 8. h5
Bh7 9. Bd3 Bxd3 10. Qxd3 Ngf6 11. O-O e6 12. Re1 Qc7 13. Ne5 Bd6 14. Nf5 Nxe5
15. dxe5 Bxe5 16. f4 Rd8 17. Qg3 Nxh5 18. Qg4 Nxf4 19. Bxf4 Bxf4 20. Nxg7+ Kf8
21. Nxe6+ fxe6 22. Rxe6 Rh7 23. Rf1 Rf7 24. Kh1 Bg5 25. Rfe1 Qf4 26. Qe2 Rd2 27.
Re8+ Kg7 28. Qe6 Qh4+ 29. Kg1 Qf2+ 0-1

[Event "40th Olympiad Open"]
[Site "Istanbul TUR"]
[Date "2012.08.29"]
[Round "2.44"]
[Board "3"]
[White "Abdyjapar, Asyl"]
[Black "Valdes, Rances"]
[Result "1-0"]
[WhiteTitle "FM"]
[BlackTitle "CM"]
[WhiteElo "2365"]
[BlackElo "2139"]
[WhiteTeam "Kyrgyzstan"]
[BlackTeam "Panama"]
[WhiteFideId "13800337"]
[BlackFideId "6600239"]
[EventDate "2012.08.28"]

1. c4 Nf6 2. Nc3 g6 3. d4 Bg7 4. e4 d6 5. Nf3 O-O 6. Be2 Bg4 7. Ng1 Bxe2 8.
Ngxe2 Nfd7 9. O-O c5 10. Be3 Nc6 11. Qd2 Rc8 12. b3 a6 13. Rad1 Qc7 14. Bh6 cxd4
15. Bxg7 Kxg7 16. Nd5 Qd8 17. Nxd4 Nc5 18. Rfe1 Ne6 19. Nc2 b5 20. cxb5 axb5 21.
Nce3 f6 22. f4 Nc5 23. Ng4 h5 24. Nf2 Rf7 25. b4 Nb7 26. f5 g5 27. Qe2 Ne5 28.
Qxb5 Rb8 29. Qe2 g4 30. Nd3 Nxd3 31. Rxd3 Kg8 32. Rc1 Rc8 33. Rxc8 Qxc8 34. Rc3
Qb8 35. Qa6 Nc5 1-0

[Event "40th Olympiad Open"]
[Site "Istanbul TUR"]
[Date "2012.08.29"]
[Round "2.44"]
[Board "4"]
[White "Aizpurua, Patrick"]
[Black "Takyrbashev, B."]
[Result "0-1"]
[WhiteTitle "CM"]
[WhiteElo "2113"]
[BlackElo "2195"]
[WhiteTeam "Panama"]
[BlackTeam "Kyrgyzstan"]
[WhiteFideId "6600522"]
[BlackFideId "13800272"]
[EventDate "2012.08.28"]

1. e4 c5 2. Nf3 Nc6 3. c3 d5 4. exd5 Qxd5 5. d4 Bg4 6. Be2 cxd4 7. cxd4 e6 8.
Nc3 Qa5 9. O-O Nf6 10. Qb3 Qb4 11. Qxb4 Bxb4 12. Be3 O-O 13. Bd1 Rac8 14. Ne5
Bxd1 15. Raxd1 Bxc3 16. bxc3 Nd5 17. Bd2 Nxe5 18. dxe5 Rc4 19. Rb1 b6 20. Rfc1
Rfc8 21. Kf1 h5 22. Rb3 Ra4 23. Rb2 Kh7 24. f3 Kg6 25. Ke2 Rac4 26. Kd3 Kf5 27.
Re1 Nxc3 28. g4+ hxg4 29. fxg4+ Kg6 30. h3 Na4 31. Rb4 Rxb4 32. Bxb4 Nb2+ 33.
Kd2 Rh8 34. Kc3 Na4+ 35. Kb3 Nc5+ 36. Bxc5 bxc5 37. Re3 Rd8 38. Kc4 Rd5 39. Re2
Kg5 40. Rf2 Kg6 41. Re2 Kh7 42. Re3 Kg8 43. Re1 Kf8 44. Re2 Ke7 45. Re3 a6 46.
a3 g5 47. Re2 Kd7 48. Rf2 Rxe5 49. Rxf7+ Kc6 50. Rg7 Re4+ 51. Kd3 Re5 52. Kc4
Kd6 53. Kd3 Kd5 54. Rd7+ Kc6 55. Rg7 Kb5 56. Rb7+ Ka4 57. Kc4 a5 58. Ra7 Re3 59.
Kxc5 Rxh3 60. Kd6 Rg3 61. Kxe6 Rxg4 62. Kf5 Rg1 63. Ra8 g4 64. Kf4 g3 65. Kf3 g2
66. Kf2 Rf1+ 67. Kxg2 Rf5 68. Kg3 Kxa3 69. Rb8 a4 70. Rb6 Ka2 71. Kg2 a3 72. Rb8
Ka1 73. Rb3 a2 74. Rb8 Rc5 75. Kf3 Rc2 76. Ke3 Rb2 77. Rd8 Kb1 78. Rd1+ Kc2 79.
Rd2+ Kc1 80. Kd4 0-1

[Event "40th Olympiad Open"]
[Site "Istanbul TUR"]
[Date "2012.08.29"]
[Round "2.45"]
[Board "1"]
[White "Burgos Figueroa, Carlos E."]
[Black "Bravo, William"]
[Result "1-0"]
[WhiteTitle "IM"]
[BlackTitle "FM"]
[WhiteElo "2272"]
[BlackElo "2291"]
[WhiteTeam "El Salvador"]
[BlackTeam "Nicaragua"]
[WhiteFideId "6700187"]
[BlackFideId "6100406"]
[EventDate "2012.08.28"]

1. e4 e5 2. Nf3 Nc6 3. Bc4 Bc5 4. c3 Nf6 5. d4 exd4 6. e5 d5 7. Bb5 Ne4 8. cxd4
Bb6 9. h3 O-O 10. O-O f6 11. Nc3 fxe5 12. Bxc6 bxc6 13. Nxe5 Ba6 14. Nxe4 dxe4
15. Qb3+ Kh8 16. Rd1 Qf6 17. Be3 Rad8 18. Qc3 Bb7 19. a4 a6 20. Qb3 Bc8 21. a5
Ba7 22. Qc3 Rd6 23. Rac1 Qh4 24. Kh2 Rdf6 25. Qe1 Rf3 26. Nxf3 exf3 27. Qf1 c5
28. dxc5 c6 29. g3 Bb8 30. Rc4 Qh5 31. Rcd4 Bc7 32. b4 Be6 33. Rd7 Bxd7 34. Rxd7 1-0

[Event "40th Olympiad Open"]
[Site "Istanbul TUR"]
[Date "2012.08.29"]
[Round "2.45"]
[Board "2"]
[White "Madrigal, Mariano"]
[Black "Chavez, Ricardo Ernesto"]
[Result "1/2-1/2"]
[BlackTitle "FM"]
[WhiteElo "2155"]
[BlackElo "2205"]
[WhiteTeam "Nicaragua"]
[BlackTeam "El Salvador"]
[WhiteFideId "6100961"]
[BlackFideId "6700098"]
[EventDate "2012.08.28"]

1. e4 d6 2. d4 Nf6 3. Nc3 g6 4. f3 c6 5. a4 Bg7 6. Be3 a5 7. Qd2 O-O 8. Nge2 Na6
9. g4 Nb4 10. h4 e5 11. O-O-O exd4 12. Nxd4 d5 13. Nb3 Be6 14. Qh2 Nd7 15. g5
Re8 16. h5 Nf8 17. Kb1 b6 18. Be2 Ra7 19. f4 Rd7 20. Bd4 dxe4 21. Bxg7 Kxg7 22.
hxg6 fxg6 23. Qh6+ Kh8 24. Nxe4 Bxb3 25. cxb3 Rxd1+ 26. Rxd1 Qe7 27. Bf3 Qf7 28.
Nd6 Qxb3 29. Nxe8 Qc2+ 30. Ka1 Qxa4+ 31. Kb1 Qc2+ 32. Ka1 Qa4+ 33. Kb1 1/2-1/2

[Event "40th Olympiad Open"]
[Site "Istanbul TUR"]
[Date "2012.08.29"]
[Round "2.45"]
[Board "3"]
[White "Arias, Daniel"]
[Black "Ortiz, Marcos"]
[Result "0-1"]
[WhiteElo "2081"]
[BlackElo "2171"]
[WhiteTeam "El Salvador"]
[BlackTeam "Nicaragua"]
[WhiteFideId "6700640"]
[BlackFideId "6100678"]
[EventDate "2012.08.28"]

1. e4 c5 2. Nf3 d6 3. Bc4 Nf6 4. Qe2 Nc6 5. h3 e6 6. Bb3 Be7 7. c3 O-O 8. O-O b6
9. Rd1 Qc7 10. d4 cxd4 11. cxd4 Na5 12. Bc2 Ba6 13. Bd3 Bxd3 14. Qxd3 d5 15. Nc3
dxe4 16. Nxe4 h6 17. Bd2 Qb7 18. Nxf6+ Bxf6 19. Rac1 Rfd8 20. Bf4 Nc6 21. Qe4
Rd5 22. Rc4 Rad8 23. Rdc1 Nxd4 24. Nxd4 e5 25. Nc6 Rd1+ 26. Kh2 exf4 27. Rxd1
Rxd1 28. Qe8+ Kh7 29. Rxf4 Qd7 30. Qe4+ Kg8 31. a4 Rd6 32. Ne5 Qe8 33. Ng4 Qxe4
34. Nxf6+ Rxf6 35. Rxe4 Rxf2 36. b4 Ra2 37. b5 g5 38. Kg3 Kg7 39. Kf3 Ra3+ 40.
Kf2 Kg6 41. Rc4 h5 42. Rd4 f6 43. h4 gxh4 44. Rxh4 Kg5 45. g3 Rc3 46. Rd4 Rc7
47. Kg2 Rh7 48. Kh3 Re7 49. Rd5+ f5 50. Rd8 Re4 51. Rg8+ Kf6 52. Rf8+ Kg6 53.
Rg8+ Kf7 54. Rg5 Kf6 55. Rxh5 Rxa4 56. Rh6+ Kg5 57. Rd6 Ra5 58. Rd7 Rxb5 59.
Rxa7 Kf6 60. Ra8 Ke5 61. Kh4 Ke4 62. Ra4+ Ke5 63. Kg5 Rb3 64. Kh4 Rd3 65. Ra8
Rd6 66. Kg5 Rd5 67. Re8+ Kd4 68. Kf4 b5 69. Re1 Kc3 70. Re3+ Kc4 71. g4 fxg4 72.
Kxg4 b4 73. Re8 Rb5 74. Rc8+ Kd3 75. Kf3 Rf5+ 76. Kg4 Rf1 77. Rd8+ Kc2 78. Rc8+
Kb2 79. Rb8 b3 80. Kg3 Kc2 81. Rc8+ 0-1

[Event "40th Olympiad Open"]
[Site "Istanbul TUR"]
[Date "2012.08.29"]
[Round "2.45"]
[Board "4"]
[White "Alfaro, William"]
[Black "Chavez, Hector Eduardo"]
[Result "1-0"]
[WhiteTitle "FM"]
[WhiteElo "2129"]
[BlackElo "2153"]
[WhiteTeam "Nicaragua"]
[BlackTeam "El Salvador"]
[WhiteFideId "6100457"]
[BlackFideId "6700160"]
[EventDate "2012.08.28"]

1. d4 c5 2. d5 g6 3. c4 d6 4. Nc3 Bg7 5. Nf3 Na6 6. g3 f5 7. Bg2 Nf6 8. O-O O-O
9. Re1 Nc7 10. e4 fxe4 11. Ng5 Rb8 12. a4 b6 13. Ncxe4 a6 14. Nxf6+ Rxf6 15. Qe2
e5 16. dxe6 h6 17. Nf7 Qe7 18. Nxh6+ Kh7 19. Nf7 Bxe6 20. Ng5+ Kh8 21. Bd5 Re8
22. Nxe6 Nxe6 23. Bg5 Nxg5 24. Qxe7 Rxe7 25. Rxe7 Nh3+ 26. Kg2 Nxf2 27. Rae1 Nd3
28. R1e4 Rf2+ 29. Kg1 g5 30. Re8+ Kh7 31. R4e7 Rd2 32. Be4+ Kh6 33. Rh8+ 1-0

[Event "40th Olympiad Open"]
[Site "Istanbul TUR"]
[Date "2012.08.29"]
[Round "2.46"]
[Board "1"]
[White "Vorobjov, Pavel"]
[Black "Oatlhotse, Providence"]
[Result "1-0"]
[BlackTitle "CM"]
[WhiteElo "2156"]
[BlackElo "2267"]
[WhiteTeam "Estonia"]
[BlackTeam "Botswana"]
[WhiteFideId "4500989"]
[BlackFideId "11300507"]
[EventDate "2012.08.28"]

1. d4 Nf6 2. c4 c5 3. d5 g6 4. Nc3 Bg7 5. Nf3 O-O 6. Bf4 d6 7. h3 Bf5 8. g4 Be4
9. Bg2 Bxf3 10. exf3 Nfd7 11. Bd2 e5 12. Qb3 Na6 13. g5 f5 14. O-O-O e4 15. fxe4
f4 16. h4 Ne5 17. Nb5 Nc7 18. Ba5 b6 19. Bc3 Nxb5 20. Qxb5 a6 21. Qb3 b5 22. Bh3
bxc4 23. Be6+ Kh8 24. Qc2 Rb8 25. Kb1 Qe7 26. h5 Qxg5 27. Rdg1 Qf6 28. h6 Rb7
29. hxg7+ Rxg7 30. Rh6 Rb8 31. Ka1 Rf8 32. f3 Re8 33. Qh2 Ree7 34. a3 Rb7 35.
Qh4 Qxh4 36. Rxh4 g5 37. Bxe5 gxh4 38. Bf6 h5 39. e5 Kh7 40. Bf5+ Kg8 41. Bxg7
Rxg7 42. Rxg7+ Kxg7 43. e6 Kf6 44. Bh3 c3 45. b3 Ke7 46. Kb1 Kd8 47. Kc2 Ke7 48.
Kxc3 Kd8 49. b4 cxb4+ 50. Kxb4 Kc7 51. e7 1-0

[Event "40th Olympiad Open"]
[Site "Istanbul TUR"]
[Date "2012.08.29"]
[Round "2.46"]
[Board "2"]
[White "Khetho, Phemelo"]
[Black "Lapidus, Mark"]
[Result "0-1"]
[WhiteTitle "FM"]
[WhiteElo "2133"]
[BlackElo "2129"]
[WhiteTeam "Botswana"]
[BlackTeam "Estonia"]
[WhiteFideId "11300280"]
[BlackFideId "4502299"]
[EventDate "2012.08.28"]

1. e4 d6 2. f4 c5 3. Nf3 Nc6 4. Bc4 g6 5. O-O Bg7 6. d3 e6 7. Nc3 Nge7 8. Qe1
O-O 9. f5 d5 10. Bb3 dxe4 11. dxe4 exf5 12. Qh4 Nd4 13. Bg5 Nxf3+ 14. Rxf3 Qd4+
15. Be3 Qe5 16. Bf4 Qd4+ 17. Be3 Qe5 18. Bf4 Qd4+ 19. Rf2 Nc6 20. Rd1 Qf6 21.
Bg5 Qe5 22. Rd5 Qe8 23. Bh6 Qe7 24. Bg5 Qe8 25. Bf6 Be6 26. Bxg7 Kxg7 27. exf5
Bxd5 28. f6+ Kh8 29. Qh6 Rg8 30. Bxd5 Nd4 31. Be4 Qe5 32. g4 Ne6 33. h4 Rad8 34.
Kg2 Rd4 35. a4 Rxe4 36. Nxe4 Qxe4+ 37. Kg3 Nd4 38. Qf4 Ne2+ 39. Rxe2 Qxe2 40.
Qc7 Re8 0-1

[Event "40th Olympiad Open"]
[Site "Istanbul TUR"]
[Date "2012.08.29"]
[Round "2.46"]
[Board "3"]
[White "Kukk, Sander"]
[Black "Njobvu, Ignatius"]
[Result "0-1"]
[BlackTitle "CM"]
[WhiteElo "2173"]
[BlackElo "2226"]
[WhiteTeam "Estonia"]
[BlackTeam "Botswana"]
[WhiteFideId "4502094"]
[BlackFideId "11300132"]
[EventDate "2012.08.28"]

1. e4 c6 2. d4 d5 3. Nc3 dxe4 4. Nxe4 Nf6 5. Nxf6+ exf6 6. c3 Bd6 7. Bd3 Be6 8.
Ne2 Qc7 9. Be3 Nd7 10. Qd2 Nb6 11. Bf4 Nc4 12. Bxd6 Qxd6 13. Qc2 Nb6 14. O-O Nd5
15. Qd2 O-O 16. c4 Ne7 17. Rfd1 Rfd8 18. Rac1 Rd7 19. d5 cxd5 20. cxd5 Nxd5 21.
Be4 Qe5 22. Qc2 g6 23. a3 f5 24. Bf3 Rad8 25. b4 b6 26. Rd2 Nf4 27. Rxd7 Rxd7
28. Nxf4 Qxf4 29. Re1 Qd2 30. Qb1 Qd3 31. Qc1 Qc4 32. Qh6 f4 33. h4 Qc3 34. Re4
Qxa3 35. h5 Qa1+ 36. Kh2 Qf6 37. Rxf4 Qe5 38. hxg6 hxg6 39. Kg1 Rd4 40. Rxd4
Qxd4 41. b5 Qa1+ 42. Kh2 Qe5+ 43. Kg1 Qxb5 44. Qf4 a5 45. Qb8+ Kg7 46. Qd8 Qc5 0-1

[Event "40th Olympiad Open"]
[Site "Istanbul TUR"]
[Date "2012.08.29"]
[Round "2.46"]
[Board "4"]
[White "Gaealafshwe, Barileng"]
[Black "Ladva, Ottomar"]
[Result "0-1"]
[WhiteTitle "CM"]
[WhiteElo "2151"]
[BlackElo "2153"]
[WhiteTeam "Botswana"]
[BlackTeam "Estonia"]
[WhiteFideId "11300310"]
[BlackFideId "4500024"]
[EventDate "2012.08.28"]

1. Nf3 d5 2. d4 Nf6 3. c4 e6 4. Nc3 Be7 5. Bg5 h6 6. Bxf6 Bxf6 7. e3 c6 8. Rc1
Nd7 9. Bd3 O-O 10. O-O dxc4 11. Bxc4 e5 12. h3 exd4 13. exd4 Nb6 14. Bb3 Re8 15.
Re1 Bf5 16. Qd2 Qd6 17. g4 Be6 18. Ne4 Qd8 19. Bxe6 Rxe6 20. Nc5 Rxe1+ 21. Rxe1
Qd5 22. Ne4 Be7 23. Nc3 Qxf3 24. Rxe7 Nc4 25. Qe2 Qxe2 26. Rxe2 Kf8 27. d5 cxd5
28. Nxd5 Rd8 29. Ne3 Ne5 30. Rc2 Nc6 31. Nf5 Rd5 32. Ne3 Rd7 33. Nf5 g6 34. Ne3
Kg7 35. a3 Nd4 36. Rc4 Ne6 37. Kg2 Rd2 38. Rc2 Rd3 39. h4 Rb3 40. Rd2 Nf4+ 41.
Kh2 Nd3 42. Nd1 Ne5 43. Rd5 Nxg4+ 44. Kg2 h5 45. f3 Nh6 46. Rd2 Nf5 47. Nc3
Nxh4+ 0-1

[Event "40th Olympiad Open"]
[Site "Istanbul TUR"]
[Date "2012.08.29"]
[Round "2.47"]
[Board "1"]
[White "Ssegwanyi, Arthur"]
[Black "Elarbi, Abobker"]
[Result "1-0"]
[WhiteElo "2178"]
[BlackElo "2259"]
[WhiteTeam "Uganda"]
[BlackTeam "Libya"]
[WhiteFideId "10000100"]
[BlackFideId "9200355"]
[EventDate "2012.08.28"]

1. e4 e6 2. d4 d5 3. Nd2 c5 4. Ngf3 Nf6 5. exd5 exd5 6. Be2 Nc6 7. O-O c4 8. c3
Bd6 9. Re1 O-O 10. Nf1 Ne4 11. Bxc4 Nxf2 12. Kxf2 dxc4 13. Bg5 Qb6 14. Qc2 Bg4
15. Be3 Bxf3 16. Kxf3 Qb5 17. Kf2 f5 18. Kg1 Rf6 19. Bf2 Raf8 20. a4 Qd5 21. Ne3
Qf7 22. Qe2 Na5 23. Qf3 Re6 24. Nf1 Rh6 25. Bg3 f4 26. Bf2 Nb3 27. Rad1 g5 28.
Re2 Rg6 29. h3 Rf6 30. Rde1 h5 31. Nh2 Kh8 32. d5 Qg6 33. Re6 b6 34. Qe2 Rxe6
35. dxe6 Bc5 36. Qxc4 Bxf2+ 37. Kxf2 Nc5 38. Kg1 Re8 39. e7 Qf6 40. b4 Nxa4 41.
Re6 Qg7 42. Qe2 g4 43. Qb5 Rxe7 44. Qxh5+ Kg8 45. Rg6 Re1+ 46. Nf1 Nxc3 47.
Rxg7+ Kxg7 48. Qxg4+ 1-0

[Event "40th Olympiad Open"]
[Site "Istanbul TUR"]
[Date "2012.08.29"]
[Round "2.47"]
[Board "2"]
[White "Al-Zayat, Ahmed"]
[Black "Kawuma, Patrick"]
[Result "1/2-1/2"]
[WhiteTitle "FM"]
[BlackTitle "CM"]
[WhiteElo "1977"]
[BlackElo "2209"]
[WhiteTeam "Libya"]
[BlackTeam "Uganda"]
[WhiteFideId "9200380"]
[BlackFideId "10000127"]
[EventDate "2012.08.28"]

1. d4 Nf6 2. Nf3 g6 3. Nbd2 d5 4. e3 Bg7 5. b4 a5 6. b5 O-O 7. Bb2 Nbd7 8. Be2
Nb6 9. a4 Ne8 10. Ne5 f6 11. Nd3 Nd6 12. O-O Be6 13. Nc5 Bf7 14. Bc3 Nd7 15. Bf3
e5 16. Ndb3 e4 17. Nxd7 Qxd7 18. Be2 b6 19. Bb2 f5 20. Ba3 Be6 21. Rc1 f4 22.
exf4 Rxf4 23. Bxd6 cxd6 24. c4 dxc4 25. d5 Bg4 26. Bxg4 Rxg4 27. Rxc4 Be5 28. h3
Rh4 29. Nd4 Rxh3 30. Ne6 Rd3 31. Qg4 Rxd5 32. Rc7 Qe8 33. Rfc1 h5 34. Qh3 Rd3
35. g3 d5 36. R7c6 e3 37. f4 e2 38. Kf2 Bxf4 39. Nxf4 Qe3+ 40. Kg2 Qe4+ 41. Kh2
Rd1 42. Ng2 Rf8 43. Rc8 e1=Q 44. Nxe1 Rxe1 45. Rxf8+ Kxf8 46. Qc8+ Qe8 47. Qxe8+
Rxe8 48. Rc6 Rd8 49. Kg2 Ke7 50. Rxb6 d4 51. Kf1 d3 52. Ke1 Rd4 53. Rxg6 Rxa4
54. Rh6 Rb4 55. Rxh5 a4 56. Kd2 a3 57. b6 Rxb6 1/2-1/2

[Event "40th Olympiad Open"]
[Site "Istanbul TUR"]
[Date "2012.08.29"]
[Round "2.47"]
[Board "3"]
[White "Wanyama, Harold"]
[Black "Asabri, Hussien"]
[Result "1-0"]
[BlackTitle "FM"]
[WhiteElo "2159"]
[BlackElo "2211"]
[WhiteTeam "Uganda"]
[BlackTeam "Libya"]
[WhiteFideId "10000380"]
[BlackFideId "9200177"]
[EventDate "2012.08.28"]

1. e4 e5 2. Nf3 Nc6 3. Bb5 a6 4. Ba4 Nf6 5. O-O b5 6. Bb3 Bc5 7. c3 d6 8. a4 Rb8
9. axb5 axb5 10. h3 O-O 11. d4 Bb6 12. Na3 exd4 13. cxd4 Na5 14. Bc2 b4 15. Nb1
Ba6 16. Re1 b3 17. Bxb3 Nxb3 18. Qxb3 Bb7 19. Qc2 Re8 20. Nc3 c5 21. d5 Ba5 22.
Bf4 Bb4 23. Re3 c4 24. Rd1 Rc8 25. Nb5 Qb6 26. Nbd4 Nd7 27. Nf5 f6 28. N3d4 Ne5
29. Ne6 g6 30. Rg3 Nd3 31. Be3 Bc5 32. Qc3 Ne5 33. Bxc5 dxc5 34. f4 Nd7 35. Nh6+
Kh8 36. f5 Ne5 37. Nf7+ Kg8 38. Nxe5 fxe5 39. Qxe5 Re7 40. f6 Rf7 41. d6 Qc6 42.
Ng5 Re8 43. Qc3 Qa4 44. Re1 Qb4 45. e5 Rxf6 46. d7 Ree6 1-0

[Event "40th Olympiad Open"]
[Site "Istanbul TUR"]
[Date "2012.08.29"]
[Round "2.47"]
[Board "4"]
[White "Asabri, Hassan"]
[Black "Emojong, Elijah"]
[Result "0-1"]
[BlackTitle "FM"]
[WhiteElo "2179"]
[BlackElo "2147"]
[WhiteTeam "Libya"]
[BlackTeam "Uganda"]
[WhiteFideId "9200258"]
[BlackFideId "10000402"]
[EventDate "2012.08.28"]

1. e4 c5 2. Nf3 Nc6 3. d3 d6 4. g3 g6 5. Bg2 Bg7 6. O-O Nf6 7. Re1 e5 8. c3 O-O
9. Nbd2 Rb8 10. Nf1 h6 11. d4 cxd4 12. cxd4 Bg4 13. d5 Nd4 14. Ne3 Bxf3 15. Bxf3
Nd7 16. Bg2 Rc8 17. b3 b5 18. Ba3 Nc5 19. Rc1 Qa5 20. Bxc5 Rxc5 21. Rxc5 dxc5
22. f4 Qxa2 23. fxe5 h5 24. b4 Qa3 25. bxc5 Qxc5 26. Kh1 Bxe5 27. g4 h4 28. g5
Bf4 29. Ng4 Bxg5 30. e5 h3 31. Be4 Rd8 32. d6 b4 33. Qd3 Qc3 34. Rd1 Ne6 35.
Bxg6 fxg6 36. Qxg6+ Ng7 37. Rf1 Qc6+ 38. Kg1 Qg2# 0-1

[Event "40th Olympiad Open"]
[Site "Istanbul TUR"]
[Date "2012.08.29"]
[Round "2.48"]
[Board "1"]
[White "Harper, Ryan"]
[Black "Phillips, Roy"]
[Result "0-1"]
[WhiteTitle "FM"]
[BlackTitle "FM"]
[WhiteElo "2222"]
[BlackElo "2257"]
[WhiteTeam "Trinidad & Tobago"]
[BlackTeam "Mauritius"]
[WhiteFideId "7700156"]
[BlackFideId "404136"]
[EventDate "2012.08.28"]

1. e4 c5 2. Nf3 Nc6 3. d4 cxd4 4. Nxd4 Qb6 5. Nb3 Nf6 6. Nc3 e6 7. Be3 Qc7 8. a3
d6 9. Be2 a6 10. f4 Be7 11. O-O O-O 12. Qe1 b5 13. Qg3 b4 14. axb4 Nxb4 15. e5
Ne8 16. Rac1 Rb8 17. Ne4 d5 18. Nec5 a5 19. c3 Na2 20. Ra1 Bxc5 21. Bxc5 Rxb3
22. Bxf8 Rxb2 23. Bd6 Qb6+ 24. Qf2 Nxc3 25. Qxb6 Nxe2+ 26. Kf2 Rxb6 27. Rfb1
Rxb1 28. Rxb1 Nc3 29. Rb8 Ne4+ 30. Ke3 N4xd6 31. exd6 Nxd6 32. Kd4 Kf8 33. Ra8
Ke7 34. Rxa5 Bd7 35. g3 Nb7 36. Ra7 Bc6 37. Ra1 f6 38. h4 Kd6 39. Ra8 e5+ 40.
fxe5+ fxe5+ 41. Ke3 d4+ 42. Ke2 Nc5 43. Rg8 Ne6 44. Rb8 Kd5 45. Kd2 e4 46. Rb6
e3+ 47. Ke2 Bd7 48. Rb8 Ke4 49. Rb4 Nc5 0-1

[Event "40th Olympiad Open"]
[Site "Istanbul TUR"]
[Date "2012.08.29"]
[Round "2.48"]
[Board "2"]
[White "Li Ying, Patrick"]
[Black "Joseph, Marcus"]
[Result "1-0"]
[WhiteTitle "CM"]
[WhiteElo "2120"]
[BlackElo "2206"]
[WhiteTeam "Mauritius"]
[BlackTeam "Trinidad & Tobago"]
[WhiteFideId "9700056"]
[BlackFideId "7700393"]
[EventDate "2012.08.28"]

1. d4 Nf6 2. Nf3 e6 3. Bf4 c5 4. e3 Nc6 5. c3 d5 6. Bd3 Bd6 7. Bg3 O-O 8. O-O b6
9. Nbd2 Bb7 10. Re1 Rc8 11. Rc1 Ne7 12. Bb1 Nf5 13. Bxd6 Nxd6 14. Ne5 Nfe4 15.
f3 Nxd2 16. Qxd2 f5 17. b3 Rc7 18. Red1 Qf6 19. Bd3 Rfc8 20. a4 Kh8 21. Ra1 g5
22. a5 cxd4 23. cxd4 f4 24. axb6 axb6 25. exf4 gxf4 26. Qb4 Nf5 27. Bxf5 exf5
28. Qd2 Qh4 29. Rdc1 Qe7 30. Qxf4 Rxc1+ 31. Rxc1 Rxc1+ 32. Qxc1 Qb4 33. Qd1 Ba6
34. h3 Qc3 35. Kh1 Qe3 36. Qa1 Qe2 37. Qa3 Kg7 38. Qe7+ Kh6 39. Qf6+ 1-0

[Event "40th Olympiad Open"]
[Site "Istanbul TUR"]
[Date "2012.08.29"]
[Round "2.48"]
[Board "3"]
[White "Merritt, Mario"]
[Black "Seegolam, Pradeep"]
[Result "1-0"]
[WhiteTitle "FM"]
[WhiteElo "2103"]
[BlackElo "2041"]
[WhiteTeam "Trinidad & Tobago"]
[BlackTeam "Mauritius"]
[WhiteFideId "7700148"]
[BlackFideId "9700080"]
[EventDate "2012.08.28"]

1. c4 Nf6 2. Nc3 g6 3. e4 d6 4. d4 Bg7 5. Be2 O-O 6. Bg5 Nbd7 7. h4 c5 8. d5 Ne5
9. Qd2 Re8 10. h5 a6 11. Nf3 Nxf3+ 12. Bxf3 Nd7 13. hxg6 fxg6 14. Qf4 Qa5 15.
Rc1 Nf8 16. Qh4 Qc7 17. Be2 Rb8 18. g4 b5 19. b3 b4 20. Nd1 e6 21. Ne3 Qf7 22.
Bh6 Bc3+ 23. Kf1 Bd2 24. Rd1 Bxe3 25. Bxe3 exd5 26. Rxd5 Rxe4 27. Rxd6 Rxe3 28.
Rf6 Qg7 29. fxe3 Nd7 30. Rf2 Bb7 31. Bf3 Bxf3 32. Rxf3 Ne5 33. Rf2 g5 34. Qg3
Rd8 35. Kg2 Qb7+ 36. Kh2 Qe4 37. Rg1 Rd6 38. Rgg2 Rh6+ 39. Kg1 Rh4 40. Rf5 Qb1+
41. Rf1 Qe4 42. Qf2 Ng6 43. Qf7+ Kh8 44. Qf6+ Kg8 45. Qxg5 Qe7 46. Qxe7 Nxe7 47.
Rf6 a5 48. Ra6 Kf7 49. Rxa5 Ke6 50. Rxc5 Kd6 51. Rh5 1-0

[Event "40th Olympiad Open"]
[Site "Istanbul TUR"]
[Date "2012.08.29"]
[Round "2.49"]
[Board "1"]
[White "Blijstra, Wim"]
[Black "Eichab, Charles"]
[Result "0-1"]
[BlackTitle "CM"]
[WhiteElo "2206"]
[BlackElo "2034"]
[WhiteTeam "Netherlands Antilles"]
[BlackTeam "Namibia"]
[WhiteFideId "1018000"]
[BlackFideId "15200051"]
[EventDate "2012.08.28"]

1. d4 e6 2. c4 f5 3. Nc3 Nf6 4. Bg5 Bb4 5. Qc2 O-O 6. e3 c5 7. Bd3 cxd4 8. exd4
Nc6 9. Nf3 Qe8 10. O-O Qh5 11. Ne2 Bd6 12. Bf4 Bxf4 13. Nxf4 Qh6 14. Qc1 d6 15.
Re1 e5 16. dxe5 dxe5 17. Nxe5 Nxe5 18. Rxe5 Ng4 19. Re1 Qxh2+ 20. Kf1 Bd7 21.
Ke2 Rae8+ 22. Kf3 Bc6+ 23. Nd5 Ne5+ 24. Rxe5 Qxe5 25. Qc3 Bxd5+ 26. cxd5 Qxd5+
27. Kg3 Qd6+ 28. Kh3 Qh6+ 29. Kg3 f4+ 30. Kg4 f3 31. Qc4+ Kh8 32. gxf3 Qh2 0-1